header

Materials degradation and its control by surface engineering (Record no. 126803)

MARC details
000 -LEADER
fixed length control field 01624nam a2200385 a 4500
100 1# - MAIN ENTRY--AUTHOR NAME
Personal name Batchelor, A. W.
245 10 - TITLE STATEMENT
Title Materials degradation and its control by surface engineering
250 ## - EDITION STATEMENT
Edition statement 3rd ed.
260 ## - PUBLICATION, DISTRIBUTION, ETC. (IMPRINT)
Place of publication London :
Name of publisher Imperial College Press ;
Place of publication Hackensack, N.J. :
Name of publisher Distributed by World Scientific Pub. Co. Pte. Ltd.,
Year of publication c2011.
300 ## - PHYSICAL DESCRIPTION
Number of Pages xv, 403 p. :
Other physical details ill.
505 0# - FORMATTED CONTENTS NOTE
Formatted contents note pt. 1. Mechanisms of materials degradation -- pt. 2. Surface engineering -- pt. 3. Application of control techniques.
650 #0 - SUBJECT ADDED ENTRY--TOPICAL TERM
Topical Term Surfaces (Technology)
Topical Term Corrosion and anti-corrosives.
Topical Term Mechanical wear.
Topical Term Fracture mechanics.
700 1# - ADDED ENTRY--PERSONAL NAME
Personal name Loh Nee Lam.
Personal name Chandrasekaran, Margam.
856 40 - ELECTRONIC LOCATION AND ACCESS
Uniform Resource Identifier http://site.ebrary.com/lib/rucke/Doc?id=10493488

No items available.

© 2026 Rongo University
Contact us: librarian | system librarian | Rongo university